Detalles MARC
| 000 -CABECERA |
| campo de control de longitud fija |
01871cam a2200325 i 4500 |
| 001 - NÚMERO DE CONTROL |
| campo de control |
16361 |
| 003 - IDENTIFICADOR DEL NÚMERO DE CONTROL |
| campo de control |
DO-SdUEMH |
| 005 - FECHA Y HORA DE LA ÚLTIMA TRANSACCIÓN |
| campo de control |
20260203205005.0 |
| 007 - CAMPO FIJO DE DESCRIPCIÓN FÍSICA--INFORMACIÓN GENERAL |
| campo de control de longitud fija |
ta |
| 008 - DATOS DE LONGITUD FIJA--INFORMACIÓN GENERAL |
| campo de control de longitud fija |
211105s2004 dr |||gr|||| 00| 0 spa|d |
| 020 ## - NÚMERO INTERNACIONAL ESTÁNDAR DEL LIBRO |
| Número Internacional Estándar del Libro |
9993483559 |
| 040 ## - FUENTE DE LA CATALOGACIÓN |
| Centro catalogador/agencia de origen |
DO-SdUEMH |
| Lengua de catalogación |
spa |
| Normas de descripción |
rda |
| 041 ## - CÓDIGO DE LENGUA |
| Código de lengua del texto/banda sonora o título independiente |
spa |
| 082 14 - NÚMERO DE LA CLASIFICACIÓN DECIMAL DEWEY |
| Colección |
Colección Dominicana |
| Número de clasificación |
RD365.97293 |
| Número de documento/Ítem |
M827d |
| 084 ## - OTRO NÚMERO DE CLASIFICACIÓN |
| Item number |
11-00039 |
| 100 ## - ENTRADA PRINCIPAL--NOMBRE DE PERSONA |
| Nombre de persona |
Mora, Wilfredo |
| Término indicativo de función/relación |
autor |
| 245 10 - MENCIÓN DE TÍTULO |
| Título |
Diario de la cárcel : |
| Resto del título |
escritos y papeles de criminología penitenciaria (1992-2003) / |
| Mención de responsabilidad, etc. |
Wilfredo Mora |
| 250 ## - MENCIÓN DE EDICIÓN |
| Mención de edición |
Segunda edición |
| 260 ## - PUBLICACIÓN, DISTRIBUCIÓN, ETC. |
| Date of publication, distribution, etc. |
2004 |
| 264 01 - PRODUCCIÓN, PUBLICACIÓN, DISTRIBUCIÓN, FABRICACIÓN Y COPYRIGHT |
| Lugar de producción, publicación, distribución, fabricación |
Santo Domingo : |
| Nombre del de productor, editor, distribuidor, fabricante |
CEDIBIL, |
| Fecha de producción, publicación, distribución, fabricación o copyright |
2004 |
| 300 ## - DESCRIPCIÓN FÍSICA |
| Extensión |
169 páginas ; |
| Dimensiones |
21 cm. |
| 336 ## - TIPO DE CONTENIDO |
| Fuente |
rdacontent |
| Término de tipo de contenido |
texto |
| Código de tipo de contenido |
txt |
| 337 ## - TIPO DE MEDIO |
| Fuente |
rdamedia |
| Nombre del tipo de medio |
sin mediación |
| Código del tipo de medio |
n |
| 338 ## - TIPO DE SOPORTE |
| Fuente |
rdacarrier |
| Nombre del tipo de soporte |
volumen |
| Código del tipo de soporte |
nc |
| 490 ## - MENCIÓN DE SERIE |
| Mención de serie |
Colección Calímaco ; |
| Designación de volumen o secuencia |
7 |
| 490 ## - MENCIÓN DE SERIE |
| Mención de serie |
Serie Monografías y Ensayos ; |
| Designación de volumen o secuencia |
3 |
| 505 1# - NOTA DE CONTENIDO CON FORMATO |
| Nota de contenido con formato |
A manera de presentación -- Al lector -- La cárcel por dentro. Cárcel urbana la preventiva: nupcias en su último día -- Ser presidente no le impide libertad para crear -- Aniversario entre rejas ¡¿modelo! -- La vida programada en las cárceles -- Mi primera visita a la cárceles -- Conversando con un recluso -- La prisión clásica -- ¿Qué es una cárcel? -- ¿Por qué falla la prisión? -- La reforma del sistema penitenciario -- Una mujer al frente de la renovación de los encarcelados -- Criminalidad de la cárcel. Personalidad, criminalidad y el descubrimiento del hombre -- Droga y delito (I) -- Droga y delito (II) -- Delito sexual y contra la honestidad -- Criminalidad, Navidad y estructuras mentales -- La psicología del hombre delincuente -- La mente asesina, la psicopatía del hombre delincuente -- La mente asesina, la psicología y el crimen -- El derecho penal y el código del menor -- Reflexiones sobre la delincuencia juvenil. |
| 942 ## - ELEMENTOS DE PUNTO DE ACCESO ADICIONAL (KOHA) |
| Fuente del sistema de clasificación o colocación |
Dewey Decimal Classification |
| Tipo de ítem Koha |
Libro |
| Suprimir en OPAC |
No |